01162nam a2200289 450000100060000000300090000600500170001500700030003200800410003502000180007608000210009410000370011524501940015226000350034630000280038149000370040950400200044665000650046665000420053165000310057370000310060470000310063583000450066685200220071199900170073395201220075018971ES-MaACL20250808011138.0t|020218s2001 sp a |||| | spa j a84-922683-3-6 a821.134.2.09"19"0 aBarreiro, Javier, d1953-92589210aCruces de bohemia b: Vidal y Planas, Noel, Retana, Gálvez, Dicenta y Barrantes / cJavier Barreiro ; [ilustraciones, Luis Ángel Blasco y Alberto Albericio, sobre el archivo del autor]. aZaragoza : bUnaLuna, c[2001] a212 p : bil ; c20 cm.1 aColección Villa Dionysos ; v1 aBibliografía. 4aLiteratura española-yS.XX-xHistoria y crítica.9141686 4aEscritores españoles-yS.XX.912391 7aVida bohemia2embne9177891 aBlasco, Luis Angel.9293721 aAlbericio, Alberto.9192850 aColección Villa Dionysos ; v19228847 aES-MaACLjL-25436 c18971d18971 00104070aATENEOMbATENEOMcDEPO2d2008-01-17eSCl0oL-25436p1019409r2023-02-23 00:00:00w2023-02-23yMONOGRAFIA